La república

שמור ב:
מידע ביבליוגרפי
מחבר ראשי: Cicerón, Marco Tulio (autor)
פורמט: ספר
שפה:ספרדית
יצא לאור: Buenos Aires Glem 1944
מהדורה:1a. ed
סדרה:Colección Boreal
נושאים:
תגים: הוספת תג
אין תגיות, היה/י הראשונ/ה לתייג את הרשומה!

MARC

LEADER 00000cam a2200000 a 4500
001 UCD4749
003 CL-VaPUC
008 160717e19440725ag |||||||||||||||||spa|d
082 0 4 |a 320.011  |b CIC  |2 21 
100 |a Cicerón, Marco Tulio  |e autor  |9 255203 
245 1 3 |a La república 
246 1 4 |a Las paradojas 
250 |a 1a. ed 
300 |a 221 p 
942 |c BK 
945 |d 20160717 19:54:00  |a arojas 
260 |a Buenos Aires  |b Glem  |c 1944 
650 0 |a República  |9 310048 
650 7 |a PARADOJAS  |2 CL-VaPUC  |9 385971 
650 7 |a FILOSOFIA POLITICA  |2 CL-VaPUC  |9 588474 
650 0 |a Filosofía romana   |9 344946 
650 0 |a Oratoria latina  |9 266621 
583 |a last modification  |c 20160717 19:54:00  |k Rodrigo Vera 
490 0 |a Colección Boreal 
999 |c 365601  |d 365599 
952 |0 0  |1 0  |3 erb  |4 0  |6 320_011000000000000_CIC_1944  |7 0  |8 A  |9 479486  |a BIBEDU  |b BIBEDU  |e Villagrán Garnham, Jorge  |i 5316170  |o 320.011 CIC 1944  |p 5316170  |r 2019-11-24  |w 2019-11-24  |y BK  |z Catalogado en:20160717  |k FIL